Thủy hử [ Trọn bộ 4 tập ]; T3

সংরক্ষণ করুন:
গ্রন্থ-পঞ্জীর বিবরন
প্রধান লেখক: Thi Nại Am
বিন্যাস: গ্রন্থ
ভাষা:Undetermined
প্রকাশিত: Hà Nội Văn học 1999
বিষয়গুলি:
ট্যাগগুলো: ট্যাগ যুক্ত করুন
কোনো ট্যাগ নেই, প্রথমজন হিসাবে ট্যাগ করুন!
Thư viện lưu trữ: Trung tâm Học liệu Trường Đại học Cần Thơ
LEADER 00491nam a2200169Ia 4500
001 CTU_8279
008 210402s9999 xx 000 0 und d
082 |a 895.13 
082 |b A104/T3/1999 
100 |a Thi Nại Am 
245 0 |a Thủy hử [ Trọn bộ 4 tập ]; T3 
245 0 |c Thi Nại Am, Trần Tuấn Khải 
260 |a Hà Nội 
260 |b Văn học 
260 |c 1999 
650 |a chinese fiction 
980 |a Trung tâm Học liệu Trường Đại học Cần Thơ